International seminar on political empowerment of women : (Record no. 673)

MARC details
000 -LEADER
fixed length control field 005250000a22001570004500
005 - DATE AND TIME OF LATEST TRANSACTION
control field 20240319111726.0
008 - FIXED-LENGTH DATA ELEMENTS--GENERAL INFORMATION
fixed length control field 230817t ||||| |||| 00| 0 eng d
082 ## - DEWEY DECIMAL CLASSIFICATION NUMBER
Classification number 323.34
Item number INT
942 ## - ADDED ENTRY ELEMENTS (KOHA)
Item Type Reports
700 ## - ADDED ENTRY--PERSONAL NAME
Personal name Rashid, Mohammad Mamunar
Relator Term compiler
245 ## - TITLE STATEMENT
Title International seminar on political empowerment of women :
Sub Title present perspectives and ways forward : July 2003 highlights from the proceedings
260 ## - PUBLICATION, DISTRIBUTION, ETC. (IMPRINT)
Place of Publication Dhaka:
Name of Publisher British council,
Date of Copyright 2004
300 ## - PHYSICAL DESCRIPTION
Extent 36 p.
650 ## - SUBJECT ADDED ENTRY--TOPICAL TERM
Topical Term WOMEN AND POLITICS
650 ## - SUBJECT ADDED ENTRY--TOPICAL TERM
Topical Term Women and democracy
Holdings
Withdrawn status Lost status Damaged status Not for loan Permanent location Current location Date acquired Total Checkouts Full call number Barcode Date last seen Price effective from Koha item type
        Resource center, Muslim Women's Research And Action Forum Resource center, Muslim Women's Research And Action Forum 2023-08-17   323.34 INT RAF4127 2023-08-17 2023-08-17 Reports

Copyright © 2023 Muslim Women's Research and Action Forum (MWRAF), No 27/3, Anderson Road, Kalubowila, Dehiwela. Funded by The Asia Fundation